[Event "Eindhoven WLC op 15th"]
[Site "Eindhoven"]
[Date "2025.05.16"]
[Round "1"]
[White "Omnes, Tiago"]
[Black "Ercan, Selman"]
[Result "0-1"]
[WhiteElo "1897"]
[BlackElo "2036"]
[PlyCount "56"]
[EventDate "2025.05.16"]
[EventType "swiss"]
[EventRounds "6"]
[EventCountry "NED"]
[SourceTitle "CB21_2025"]
[SourceDate "2025.05.21"]
[SourceVersion "1"]
[SourceVersionDate "2025.05.21"]
[SourceQuality "1"]

1. e4 c6 2. d4 d5 3. exd5 cxd5 4. Bd3 Nf6 5. Bf4 Nc6 6. c3 Bg4 7. Ne2 e6 8. 0-0 Bd6 9. Bxd6 Qxd6 10. f3 Bh5 11. Nd2 Bg6 12. Nb3 0-0 13. Bxg6 hxg6 14. Nc5 b5 15. b4 a5 16. a3 Ra7 17. Qd2 Rfa8 18. Qb2 Qc7 19. f4 Ne7 20. Ng3 Nc8 21. Nb3 axb4 22. axb4 Rxa1 23. Nxa1 Nb6 24. Qd2 Ra3 25. Rc1 Na4 26. Ne2 Ne4 27. Qc2 Qc4 28. h3 Ra2 0-1

[Event "Bayern-chI Bank Hofmann 27th"]
[Site "Gmund am Tegernsee"]
[Date "2024.10.26"]
[Round "1"]
[White "Wong, Gengchun"]
[Black "Ercan, Selman"]
[Result "1-0"]
[WhiteElo "2295"]
[BlackElo "2054"]
[PlyCount "75"]
[EventDate "2024.10.26"]
[EventType "swiss"]
[EventRounds "9"]
[EventCountry "GER"]
[SourceTitle "CB45_2024"]
[Source "ChessBase"]
[SourceDate "2024.11.06"]
[SourceVersion "1"]
[SourceVersionDate "2024.11.06"]
[SourceQuality "1"]

1. e4 c6 2. d4 d5 3. e5 c5 4. dxc5 e6 5. Nf3 Bxc5 6. Bd3 Ne7 7. 0-0 Ng6 8. a3 a6 9. b4 Ba7 10. Bb2 Nf4 11. Re1 Nxd3 12. Qxd3 0-0 13. Nbd2 Bd7 14. c4 Bc6 15. b5 axb5 16. cxb5 Be8 17. a4 Nd7 18. Nb3 Nc5 19. Nxc5 Bxc5 20. Bd4 Bxd4 21. Nxd4 Bd7 22. h3 f6 23. Qe3 Qb6 24. Qd2 Rac8 25. a5 Qc5 26. exf6 Rxf6 27. a6 bxa6 28. bxa6 Qd6 29. a7 Rff8 30. Qe2 Rfe8 31. Ra6 Qb4 32. Nxe6 Bxe6 33. Rxe6 Rf8 34. Re7 Qf4 35. Qe6+ Kh8 36. Qxc8 Qxf2+ 37. Kh1 Rxc8 38. Re8+ 1-0

[Event "Hoorn Romero op"]
[Site "Hoorn"]
[Date "2024.08.31"]
[Round "2"]
[White "Ercan, Selman"]
[Black "Geboers, Jimmy"]
[Result "1-0"]
[WhiteElo "2060"]
[BlackElo "1924"]
[PlyCount "81"]
[EventDate "2024.08.30"]
[EventType "swiss"]
[EventRounds "6"]
[EventCountry "NED"]
[SourceTitle "EXT 2025"]
[Source "ChessBase"]
[SourceDate "2024.10.14"]
[SourceVersion "1"]
[SourceVersionDate "2024.10.14"]
[SourceQuality "1"]

1. d4 Nf6 2. c4 e6 3. Nf3 Bb4+ 4. Nbd2 b6 5. a3 Be7 6. e4 d6 7. Bd3 c5 8. d5 0-0 9. h3 exd5 10. exd5 Bb7 11. a4 Na6 12. 0-0 Nb4 13. Bb1 Nd7 14. Ne4 Re8 15. Bf4 Nf8 16. Re1 f5 17. Nxd6 Bxd6 18. Rxe8 Qxe8 19. Bxd6 Ba6 20. Bxf5 Bxc4 21. Bxf8 Kxf8 22. Be6 Bxd5 23. Bxd5 Rd8 24. Qb1 Rxd5 25. Qxh7 Rh5 26. Qb1 Qe2 27. Qg6 Rh6 28. Qf5+ Rf6 29. Qc8+ Qe8 30. Qg4 Nd3 31. Ng5 Rxf2 32. Nh7+ Kg8 33. Qc4+ Qf7 34. Qxd3 Rf5 35. Ng5 Qg6 36. Qd8+ Rf8 37. Qd5+ Kh8 38. Re1 Qf6 39. Re4 Qf2+ 40. Kh2 g6 41. Qd7 1-0

[Event "Barcelona Sant Marti op-A 24th"]
[Site "Barcelona"]
[Date "2024.07.15"]
[Round "3"]
[White "Kirtadze, Anastasia"]
[Black "Ercan, Selman"]
[Result "1/2-1/2"]
[WhiteElo "1978"]
[BlackElo "2109"]
[PlyCount "71"]
[EventDate "2024.07.13"]
[EventType "swiss"]
[EventRounds "9"]
[EventCountry "ESP"]
[SourceTitle "CBM 221 Extra"]
[Source "ChessBase"]
[SourceDate "2024.09.30"]
[SourceVersion "1"]
[SourceVersionDate "2024.09.30"]
[SourceQuality "1"]

1. e4 c6 2. d4 d5 3. Nc3 dxe4 4. Nxe4 Nf6 5. Nxf6+ exf6 6. c3 Bd6 7. Bd3 0-0 8. Qc2 Re8+ 9. Ne2 h5 10. Be3 Nd7 11. 0-0-0 Nf8 12. c4 Be6 13. a3 Ng6 14. h3 b5 15. c5 Bf8 16. Nc3 Ne7 17. g4 h4 18. f4 Nd5 19. Bd2 Nxc3 20. Bxc3 Bd5 21. Rhe1 Qc7 22. Qf2 g6 23. Bd2 Bb3 24. Rxe8 Rxe8 25. Re1 Rxe1+ 26. Qxe1 Qd7 27. Qe3 Ba2 28. Bc2 Be6 29. Be1 f5 30. gxf5 Bxf5 31. Bxf5 Qxf5 32. Bxh4 Bg7 33. Be1 Qd5 34. Bc3 Bh6 35. Bd2 Bg7 36. Bc3 1/2-1/2

[Event "Utrecht OKU op 49th"]
[Site "Utrecht"]
[Date "2024.05.10"]
[Round "1"]
[White "Ercan, Selman"]
[Black "Gassner, Yuri"]
[Result "0-1"]
[WhiteElo "2086"]
[BlackElo "1993"]
[PlyCount "64"]
[EventDate "2024.05.10"]
[EventType "swiss"]
[EventRounds "6"]
[EventCountry "NED"]
[SourceTitle "CBM 220 Extra"]
[Source "ChessBase"]
[SourceDate "2024.07.31"]
[SourceVersion "1"]
[SourceVersionDate "2024.07.31"]
[SourceQuality "1"]

1. d4 Nf6 2. c4 g6 3. Nc3 Bg7 4. e4 d6 5. h3 c5 6. d5 b5 7. cxb5 a6 8. Nf3 0-0 9. bxa6 Qa5 10. Bd2 Bxa6 11. Bxa6 Nxa6 12. 0-0 Rfb8 13. b3 Nd7 14. Na4 Qd8 15. Bc3 Bxc3 16. Nxc3 Qa5 17. Qd2 c4 18. bxc4 Rc8 19. Nb5 Qa4 20. Rfc1 Rxc4 21. Rxc4 Qxc4 22. Nbd4 Nac5 23. Qf4 Rxa2 24. Rxa2 Qxa2 25. Ng5 Nf6 26. Nc6 Kf8 27. Nd8 Ncxe4 28. Ndxf7 Qxd5 29. h4 Qd1+ 30. Kh2 Ng4+ 31. Kh3 Ngxf2+ 32. Kh2 Qh1# 0-1

[Event "Hilversum op"]
[Site "Hilversum"]
[Date "2023.06.25"]
[Round "5"]
[White "Ercan, Selman"]
[Black "Lanchava, Tea"]
[Result "0-1"]
[WhiteElo "2044"]
[BlackElo "2254"]
[PlyCount "106"]
[EventDate "2023.06.23"]
[EventType "swiss"]
[EventRounds "6"]
[EventCountry "NED"]
[SourceTitle "CBM 214 Extra"]
[Source "ChessBase"]
[SourceDate "2023.07.31"]
[SourceVersion "1"]
[SourceVersionDate "2023.07.31"]
[SourceQuality "1"]

1. d4 g6 2. c4 d6 3. Nf3 Nd7 4. Nc3 c6 5. e4 e5 6. d5 c5 7. Be2 f6 8. h4 Bh6 9. h5 Bxc1 10. Qxc1 g5 11. Nh2 Nb6 12. Qc2 Nh6 13. g4 Bd7 14. f3 Rb8 15. Kf2 Na8 16. Nb5 Bxb5 17. cxb5 b6 18. Nf1 0-0 19. Ne3 Nc7 20. b4 Qd7 21. a4 Rfc8 22. bxc5 dxc5 23. Nc4 Nf7 24. h6 Ne8 25. Bd3 Ned6 26. Rac1 Rc7 27. Qa2 Qc8 28. Rc2 Ra8 29. Qb3 Nxc4 30. Bxc4 Nd6 31. Kg3 Kf8 32. Rd2 Rd7 33. Rhd1 a6 34. Rc2 Raa7 35. Be2 axb5 36. Bxb5 Nxb5 37. Qxb5 Rd6 38. Rc4 Ra5 39. Qb3 Qa8 40. Rb1 Kf7 41. Qc2 Ke7 42. Rb5 Ra6 43. Qb3 Qf8 44. a5 Qxh6 45. Rxb6 Rdxb6 46. axb6 Qh4+ 47. Kg2 Ra1 48. d6+ Kf8 49. Rc2 Qh1+ 50. Kf2 Qg1+ 51. Ke2 Re1+ 52. Kd2 Rd1+ 53. Kc3 Qd4# 0-1

[Event "Leiden op-A 12th"]
[Site "Leiden"]
[Date "2018.07.21"]
[Round "8"]
[White "Ercan, Selman"]
[Black "Damen, Jip"]
[Result "1-0"]
[WhiteElo "1952"]
[BlackElo "2145"]
[PlyCount "61"]
[EventDate "2018.07.13"]
[EventType "swiss"]
[EventRounds "9"]
[EventCountry "NED"]
[SourceTitle "CBM 185 Extra"]
[Source "ChessBase"]
[SourceDate "2018.07.29"]
[SourceVersion "1"]
[SourceVersionDate "2018.07.29"]
[SourceQuality "1"]

1. Nf3 g6 2. c4 Bg7 3. Nc3 c5 4. g3 Nc6 5. Bg2 e6 6. 0-0 Nge7 7. a3 0-0 8. Rb1 a5 9. d3 d5 10. cxd5 exd5 11. Bg5 Be6 12. Qd2 Re8 13. Qf4 Qb6 14. Bf6 d4 15. Bxg7 Kxg7 16. Ne4 f5 17. Nfg5 Nd5 18. Qd6 Bg8 19. Nxc5 Nc7 20. Nd7 Qa6 21. Qxc7 Re7 22. Qd6 Rd8 23. Qf6+ Kh6 24. Nc5 Qb5 25. Nge6 Bxe6 26. Nxe6 Rxe6 27. Qxe6 Ne5 28. Qe7 Rd7 29. Qf8+ Kh5 30. f4 Ng4 31. h3 1-0

[Event "Spijkenisse op-B 3rd"]
[Site "Spijkenisse"]
[Date "2013.10.26"]
[Round "4"]
[White "Ercan, Selman"]
[Black "De Wilde, Steven"]
[Result "0-1"]
[WhiteElo "1763"]
[BlackElo "1629"]
[PlyCount "78"]
[EventDate "2013.10.25"]
[EventType "swiss"]
[EventRounds "6"]
[EventCountry "NED"]
[SourceTitle "EXT 2014"]
[Source "ChessBase"]
[SourceDate "2013.11.20"]
[SourceVersion "1"]
[SourceVersionDate "2013.11.20"]
[SourceQuality "1"]

1. e4 e6 2. d4 d5 3. Nc3 Bb4 4. e5 c5 5. a3 Bxc3+ 6. bxc3 Ne7 7. Qg4 Kf8 8. Bd3 Qa5 9. Bd2 Qa4 10. Ra2 b6 11. h4 Ba6 12. Bxa6 Qxa6 13. Ne2 Nbc6 14. h5 Nf5 15. 0-0 cxd4 16. cxd4 Qc4 17. Nc3 Nxe5 18. Qf4 Qxd4 19. Nb5 Qxf4 20. Bxf4 Nc4 21. g4 Ne7 22. Re1 a6 23. Nd4 Rc8 24. Nf3 Nc6 25. Kg2 Ke7 26. Nh4 Kd7 27. Rd1 Na7 28. a4 Nc6 29. c3 Ne7 30. Nf3 f6 31. Re2 g6 32. h6 e5 33. Bc1 g5 34. Ne1 Nd6 35. Bb2 Rc4 36. Kh3 Rxa4 37. Nc2 Ng6 38. Red2 Nf4+ 39. Kh2 Nc4 0-1

[Event "Spijkenisse op-B 3rd"]
[Site "Spijkenisse"]
[Date "2013.10.26"]
[Round "2"]
[White "Ercan, Selman"]
[Black "Droege, Sander"]
[Result "1-0"]
[WhiteElo "1763"]
[BlackElo "1418"]
[PlyCount "37"]
[EventDate "2013.10.25"]
[EventType "swiss"]
[EventRounds "6"]
[EventCountry "NED"]
[SourceTitle "EXT 2014"]
[Source "ChessBase"]
[SourceDate "2013.11.20"]
[SourceVersion "1"]
[SourceVersionDate "2013.11.20"]
[SourceQuality "1"]

1. e4 d5 2. exd5 Nf6 3. d4 Nxd5 4. c4 Nf6 5. Nc3 Bf5 6. Nf3 e6 7. Bd3 Bxd3 8. Qxd3 Nc6 9. 0-0 Be7 10. Bf4 Nh5 11. Be3 Bf6 12. g4 g6 13. gxh5 gxh5 14. Rad1 Qd7 15. d5 0-0-0 16. Qe2 Ne5 17. Nxe5 Rhg8+ 18. Kh1 Bxe5 19. Qxh5 1-0

[Event "Spijkenisse op-B 3rd"]
[Site "Spijkenisse"]
[Date "2013.10.25"]
[Round "1"]
[White "Janse, Alexander"]
[Black "Ercan, Selman"]
[Result "1/2-1/2"]
[WhiteElo "1532"]
[BlackElo "1763"]
[PlyCount "83"]
[EventDate "2013.10.25"]
[EventType "swiss"]
[EventRounds "6"]
[EventCountry "NED"]
[SourceTitle "EXT 2014"]
[Source "ChessBase"]
[SourceDate "2013.11.20"]
[SourceVersion "1"]
[SourceVersionDate "2013.11.20"]
[SourceQuality "1"]

1. e4 c5 2. Nf3 d6 3. d4 cxd4 4. Nxd4 Nf6 5. Nc3 a6 6. Bg5 e6 7. f4 h6 8. Bh4 Qb6 9. Qd2 Qxb2 10. Rb1 Qa3 11. Bxf6 gxf6 12. Be2 Nc6 13. f5 Qc5 14. Nf3 b5 15. Rf1 Bd7 16. e5 Nxe5 17. Ne4 Nxf3+ 18. Bxf3 Qe5 19. Kd1 d5 20. fxe6 Bxe6 21. Nc3 Rd8 22. Re1 Qg5 23. Nxd5 Qxd2+ 24. Kxd2 Be7 25. c4 bxc4 26. Rb7 Kf8 27. Rxe7 Bxd5 28. Bxd5 Rxd5+ 29. Kc3 Ra5 30. R1e2 Rxa2 31. Rxa2 Kxe7 32. Rxa6 Rg8 33. g3 Rg4 34. Rc6 h5 35. Rxc4 Rxc4+ 36. Kxc4 Ke6 37. Kd4 Kf5 38. h3 Kg5 39. Ke4 f5+ 40. Kf3 f4 41. gxf4+ Kf5 42. Ke3 1/2-1/2